Infant baptism in the first four centuries / Joachim Jeremias ; Translated by David Cairns (Registro nro. 46427)
[ vista simple ]
| 000 -LÍDER | |
|---|---|
| Campo fijo de descripción fija | 012040000a22002290004500 |
| 082 04 - NÚMERO DE CLASIFICACIÓN DECIMAL DEWEY | |
| Número de clasificación | G 234.1612 J55i |
| 001 - NÚMERO DE CONTROL | |
| Campo de control | 20073 |
| 100 1# - ASIENTO PRINCIPAL--NOMBRE PERSONAL | |
| Nombre personal | Jeremias, Joachim |
| 245 10 - TÍTULO | |
| Título del Material | Infant baptism in the first four centuries / Joachim Jeremias ; Translated by David Cairns |
| 260 ## - PUBLICACIÓN, DISTRIBUCIÓN, ETC. (PIE DE IMPRENTA) | |
| Lugar de publicación, distribución, etc. | London : SCM Press |
| 300 ## - DESCRIPCIÓN FÍSICA | |
| Extensión | 112 páginas |
| 336 ## - CONTENT TYPE | |
| Content type term | texto |
| Content type code | txt |
| Source | rdacontent |
| 337 ## - MEDIA TYPE | |
| Source | rdamedia |
| Media type term | sin mediación |
| Media type code | n |
| 338 ## - CARRIER TYPE | |
| Source | rdacarrier |
| Carrier type term | volumen |
| Carrier type code | nc |
| 500 ## - NOTA GENERAL | |
| Nota General | Título original en alemán: Die Kindertaufe in den ersten vier Jahrhunderten \ Incluye índices (p. 105-112) |
| 501 ## - NOTA DE “CON” | |
| Nota de Contenido | Pasta dura |
| 505 00 - NOTA DE CONTENIDO | |
| Nota de contenido con formato preestablecido | El bautismo de los hijos de padres que se unieron a la iglesia en el período más antiguo - El bautismo de los niños nacidos de padres cristianos en el período más antiguo - El desarrollo hasta finales del siglo III - La crisis y la forma en que fue superada |
| 650 14 - ASIENTO SECUNDARIO DE MATERIA - TERMINO TEMÁTICO | |
| Término temático o nombre geográfico como elemento de entrada | Bautismo de Infantes - Teología \ Historia - Época antigua |
| 942 ## - TIPO DE MATERIAL (KOHA) | |
| Tipo de Item KOHA | Libros General |
| Estado de Material | Estado de Perdido | Estado de Dañado | No para Préstamo | Colección | Tomo | Biblioteca de Origen | Biblioteca Permanente | Fecha de Adquisición | Total de Préstamos | Signatura Topográfica | Código de Barras | Última vez visto | Ejemplar/Existencia | Fecha de Remplazo | Tipo de Material |
|---|---|---|---|---|---|---|---|---|---|---|---|---|---|---|---|
| Colección General | Biblioteca FUSBC | Biblioteca FUSBC | 12/06/2015 | G 234.1612 J55i | 20852 | 12/12/2019 | 1 | 26/01/2016 | Libros General |
